000 00611nam a2200193Ii 4500
003 JO-AjNU
008 230605s9999||||xx |||||||||||||| ||und||
040 _aJO-AjNU
_bara
_erda
_cJO-AjNU
041 _aara
050 1 4 _aPN58.F36 1900
100 3 _aترجمة دوارة،فؤاد,
_eauthor
_916349
245 0 0 _aالفنان في عصر العلم: ومقالات أخرى
264 3 1 _aد.م: د.ن، 1900
300 _a273ص
336 _atext
_btxt
_2rdacontent
337 _aunmediated
_bn
_2rdamedia
338 _avolume
_bnc
_2rdacarrier
650 4 _aالأدب العربي - فن - مقالات
_916350
999 _aA4823
_c8391
_d8391